Umweltbewusstes Transportmanagement

Saved in:
Bibliographic Details
Main Author: Spelthahn, Sabine
Other Authors: Schlossberger, Ulrich, Steger, Ulrich
Format: Book
Language:German
Published: Bern Haupt 1993
Edition:1. Aufl.
Subjects:
Tags: Add Tag
No Tags, Be the first to tag this record!

MARC

LEADER 00000nam a2200000 4500
001 c002800
005 20221206075150.6
020 |a 3-258-04658-1 
041 0 |a ger 
044 |a CH 
245 1 0 |a Umweltbewusstes Transportmanagement  |c Sabine Spelthahn, Ulrich Schlossberger, Ulrich Steger 
250 |a 1. Aufl. 
264 1 |a Bern  |b Haupt  |c 1993 
300 |a 276 s. 
610 2 0 |a ekológia 
610 2 0 |a manažment 
610 2 0 |a doprava 
610 2 0 |a preprava 
610 2 0 |a trh 
610 2 0 |a ochrana prostredia životného 
610 2 0 |a Európske spoločenstvá 
610 2 0 |a zasielateľstvá 
610 2 0 |a politika dopravná 
610 2 0 |a Nemecko 
610 2 0 |a opcie 
610 2 0 |a JIT 
610 2 0 |a logistika 
610 2 0 |a inovácia 
610 2 0 |a štúdie prípadové 
610 2 0 |a riziko 
610 2 0 |a kontroling 
610 2 0 |a marketing 
100 1 |a Spelthahn, Sabine 
700 1 |a Schlossberger, Ulrich 
700 1 |a Steger, Ulrich